[Event "Commonwealth-ch"]
[Site "New Delhi"]
[Date "2007.12.10"]
[Round "10"]
[White "Hussain, SR."]
[Black "Greeff, Melissa"]
[Result "0-1"]
[WhiteElo "1893"]
[BlackElo "2025"]
[PlyCount "104"]
[EventDate "2007.12.03"]
[EventType "swiss"]
[EventRounds "10"]
[EventCountry "IND"]
[SourceTitle "CBM 121 Extra"]
[Source "ChessBase"]
[SourceDate "2008.01.10"]
[SourceVersion "1"]
[SourceVersionDate "2008.01.10"]
[SourceQuality "1"]

1. e4 c5 2. Nc3 a6 3. Nf3 d6 4. Be2 Nf6 5. 0-0 b5 6. d3 e6 7. b3 Bb7 8. Bb2 Nbd7 9. h3 Be7 10. Nh2 d5 11. exd5 exd5 12. Bf3 Ne5 13. Re1 Nxf3+ 14. Nxf3 Qc7 15. Qe2 d4 16. Nb1 Nd5 17. c4 Nf4 18. Qd1 0-0 19. Bc1 Ne6 20. Nbd2 Bd6 21. Ne4 Bf4 22. Neg5 Bxg5 23. Nxg5 Nxg5 24. Bxg5 Qc6 25. Qg4 f5 26. Qg3 f4 27. Qg4 Bc8 28. Qh4 Bf5 29. Rad1 Qg6 30. Be7 Rfc8 31. Qxf4 Bxd3 32. Bxc5 Bc2 33. Bxd4 Bxd1 34. Rxd1 bxc4 35. bxc4 Rxc4 36. Qf3 Rac8 37. Bb2 R4c7 38. Qb3+ Qf7 39. Qa4 Rc2 40. Qd4 R2c4 41. Qd6 R4c6 42. Qe5 R6c7 43. Ba3 h6 44. Bb2 Qxa2 45. Rd2 Qf7 46. Rd3 Qc4 47. Qd6 Qc6 48. Qg3 Qb7 49. Rb3 Qd5 50. Rd3 Qg5 51. Qd6 a5 52. Qe6+ Kh7 0-1